Geography Quiz

Random Geography or State Quiz
Score 0/16 Timer 03:00
8 Plays Today
% Correct
Florida
94%
Hawaii
92.6%
Missouri
90.8%
Tennessee
90.8%
Michigan
81.8%
Alaska
72.2%
Wisconsin
68.1%
Ohio
57%
% Correct
Texas
56.5%
Georgia
49.5%
Oregon
48.4%
Washington
46%
Illinois
45.2%
North Carolina
35.4%
New Jersey
32.5%
California
31.7%

You're not logged in!

Compare scores with friends on all Sporcle quizzes.
OR
Log In

Sporcle TV

Today on Sporcle TV


Watch our educational content, quiz creation guides, and fun videos on Sporcle TV.

Show Comments

Extras

Top Quizzes Today


Score Distribution

Paid Content

Your Account Isn't Verified!

In order to create a playlist on Sporcle, you need to verify the email address you used during registration. Go to your Sporcle Settings to finish the process.

Report this User

Report this user for behavior that violates our Community Guidelines.

Details: